00945nam a22002531a 450000100060000000300080000600500170001400800450003103500190007604000350009504100080013008200210013809000210015910000440018024500710022426000300029530000390032550400510036465000500041565100630046594200120052899900170054095201340055728151BD-RjUL20211209051238.0140329s19601955 nyu 001 0 eng d a(BD-RjUL)28232 aBD-RjULbengcBD-RjULdBD-RjUL aeng a973.8bHOA 1961 aE743b.H63 1985r1 aHofstadter, Richard,d1916-1970.97698814aThe age of reform :bfrom Bryan to F.D.R. /cby Richard Hofstadter aNew York :bKnopf,c1955. aviii, 330, xx p. ;c22 cm.bill. ; aIncludes bibliographical references and index. 0aProgressivism (United States politics)986255 0aUnited StatesxPolitics and governmenty20th century99003 2ddccBK c28151d28151 00102ddc40728NFICaRUCLbRUCLcReadingd1963-02-02emirzag6.25l0o973.8 HOA 1961r2014-03-29 00:00:00tC-1w2021-12-09yBK